A short course on Banach space theory /
Đã lưu trong:
| Príomhúdar: | |
|---|---|
| Formáid: | Sách giấy |
| Foilsithe: |
Cambridge, U.K. ; New York :
Cambridge University Press,
2004
|
| Ábhair: | |
| Rochtain Ar Líne: | Sample text Table of contents Publisher description |
| Clibeanna: |
Cuir Clib Leis
Gan Chlibeanna, Bí ar an gcéad duine leis an taifead seo a chlibeáil!
|
| Thư viện lưu trữ: | Thư viện Trường Đại học Đà Lạt |
|---|
| LEADER | 01216nam a2200385 4500 | ||
|---|---|---|---|
| 001 | DLU050048023 | ||
| 005 | ##20050630 | ||
| 008 | ##040227s2004 enk b 001 0 eng | ||
| 010 | # | # | |a 2004045627 |
| 020 | # | # | |a 0521603722 (pbk.) |
| 020 | # | # | |a 0521842832 |
| 040 | # | # | |a DLC |c DLC |d DLC |
| 042 | # | # | |a pcc |
| 050 | # | # | |a QA322.2 |b .C37 2004 |
| 082 | # | # | |a 515.732 |b CA-N |
| 100 | # | # | |a Carothers, N. L., |d 1952- |
| 245 | # | # | |a A short course on Banach space theory / |c N.L. Carothers |
| 260 | # | # | |a Cambridge, U.K. ; |a New York : |b Cambridge University Press, |c 2004 |
| 263 | # | # | |a 0409 |
| 300 | # | # | |a xii, 184 p. ; |c 23 cm. |
| 504 | # | # | |a Includes bibliographical references and index. |
| 650 | # | # | |a Banach spaces. |
| 856 | # | # | |3 Sample text |u http://www.loc.gov/catdir/samples/cam051/2004045627.html |
| 856 | # | # | |3 Table of contents |u http://www.loc.gov/catdir/toc/cam051/2004045627.html |
| 856 | # | # | |3 Publisher description |u http://www.loc.gov/catdir/description/cam041/2004045627.html |
| 923 | # | # | |a 21/2005 |
| 992 | # | # | |a 9800 |
| 994 | # | # | |a DLU |
| 900 | # | # | |a True |
| 911 | # | # | |a Nguyễn Thị Tố Hạnh |
| 925 | # | # | |a G |
| 926 | # | # | |a A |
| 927 | # | # | |a SH |
| 980 | # | # | |a Thư viện Trường Đại học Đà Lạt |


